MARC

LEADER 00000nam0a2200000 4500
001 50681
005 20231031033358.0
010 |a 5279021695 
035 |a (RuTPU)RU\TPU\book\53061 
090 |a 50681 
100 |a 20030418d2002 m y0rusy50 ca 
101 0 |a rus 
102 |a RU 
105 |a a j 001zy 
200 1 |a Практикум по разработке бизнес-плана и финансовому анализу предприятия  |e учебное пособие  |f Л. Ф. Сухова, Н. А. Чернова 
210 |a Москва  |c Финансы и статистика  |d 2002 
215 |a 160 с.  |c ил. 
320 |a Библиогр.: с. 156-157. 
451 1 |0 (RuTPU)RU\TPU\book\62402  |y 5-279-02169-5  |t Практикум по разработке бизнес-плана и финансовому анализу предприятия  |o учебное пособие  |f Л. Ф. Сухова, Н. А. Чернова  |c М.  |n Финансы и статистика  |d 2003  |p 160 с.  |a Сухова, Лидия Федоровна 
451 1 |0 (RuTPU)RU\TPU\book\37935  |y 5-279-02169-5  |t Практикум по разработке бизнес-плана и финансовому анализу предприятия  |o учебное пособие  |f Л. Ф. Сухова, Н. А. Чернова  |c М.  |n Финансы и статистика  |d 2001  |p 160 с.  |a Сухова, Лидия Федоровна 
610 1 |a экономика 
610 1 |a планирование 
610 1 |a предприятия 
610 1 |a финансовый анализ 
610 1 |a бизнес-план 
610 1 |a разработка 
610 1 |a практикумы 
610 1 |a примеры 
610 1 |a методика 
610 1 |a финансовое состояние 
610 1 |a учебные пособия 
686 |a У9(2)29-2я73  |v LBC/SL-A  |2 rubbk 
686 |a У053я73  |v LBC/SL-A  |2 rubbk 
700 1 |a Сухова  |b Л. Ф.  |g Лидия Федоровна 
701 1 |a Чернова  |b Н. А.  |g Нина Александровна 
801 1 |a RU  |b 63413507  |c 20030418  |g PSBO 
801 2 |a RU  |b 63413507  |c 20190529  |g PSBO 
900 |a Экономика предприятия 
942 |c BK 
951 |a 521600  |b 060800